000 00695nam a2200217Ia 4500
003 OSt
005 20220520142717.0
008 210716s2004 xx 000 0 und d
020 _a0547004944
040 _cAIMIT LIBRARY
041 _aeng
082 _a658.4012
_28
_bHILC
100 _aHill, Charles W.L.
_938214
245 _aStrategic management :
_ban integrated approach /
_cBy Charles W.L.Hill and Gareth R.Jones.
250 _a8th ed.
260 _aU.S.A :
_bHoughton Mifflin Company,
_c2008.
300 _axxix, 491,C515,I15 ;
_bHB
_c25.7 cm.
650 _aStrategic Management
_938215
650 _aThe Nature of Competitive Advantage
_938216
942 _2ddc
_cBK
_e8th
_k658.4012 HILC
999 _c206104
_d206104